Historias de Animales /

Guardado en:
Bibliografiske detaljer
Hovedforfatter: Goded, Jaime (autor)
Format: Bog
Sprog:spansk
Udgivet: lugar de publicación no identificado : editorial no identificada, fecha no identificada
Fag:
Tags: Tilføj Tag
Ingen Tags, Vær først til at tagge denne postø!

MARC

LEADER 00000nam^a2200000^a^4500
001 000022698
005 20250521000000.0
009 20260310084505.879
037 |a Acervo ITESO - Biblioteca 
041 |a ESP 
082 |a 741. 509  |b GOD 
100 |a Goded, Jaime  |e (autor) 
245 1 0 |a Historias de Animales /  |c J. Goded. 
264 1 |a lugar de publicación no identificado :  |b editorial no identificada,  |c fecha no identificada 
300 |a 204 p. 
336 |a texto  |b txt  |2 rdacontenido 
337 |a sin mediación  |b n  |2 rdamedio 
338 |a volumen  |b nc  |2 rdasoporte 
649 |a XX 
650 |a Medios de Comunicación 
650 |a Historietas y Caricaturas de Temas Políticos y Sociales 
650 |a Historietas y Caricaturas Españolas 
910 |a Fondo General 
920 |a Impresos - Libros 
930 |a Colección General 
905 |a 101 
901 |a 0226980100  |b IT1  |c ACC  |i 022698  |u 20250521 
902 |a https://opac.biblio.iteso.mx/vufind/Record/000022698